| Tag |
First Indicator |
Second Indicator |
Subfields |
| LEADER |
00000cam a2200000 4500 |
| 001 |
in00000679721 |
| 005 |
20151016050336.0 |
| 008 |
751106s1950 pau 00001 eng |
| 010 |
|
|
|a 50010349
|
| 035 |
|
|
|a (OCoLC)01813155
|
| 035 |
|
|
|9 ADA3477AM
|
| 040 |
|
|
|a DLC
|c JPL
|d TXA
|d UtOrBLW
|
| 049 |
|
|
|a TXAM
|c [183637]
|
| 050 |
0 |
0 |
|a PZ3.S79616
|b Ap
|
| 100 |
1 |
|
|a Starnes, Richard.
|
| 245 |
1 |
0 |
|a Another mug for the bier.
|
| 250 |
|
|
|a [1st ed.].
|
| 264 |
|
1 |
|a Philadelphia :
|b Lippincott,
|c [1950]
|
| 300 |
|
|
|a 248 pages ;
|c 20 cm.
|
| 336 |
|
|
|a text
|b txt
|2 rdacontent
|
| 337 |
|
|
|a unmediated
|b n
|2 rdamedia
|
| 338 |
|
|
|a volume
|b nc
|2 rdacarrier
|
| 490 |
1 |
|
|a Main line mysteries
|
| 830 |
|
0 |
|a Main line mysteries.
|
| 999 |
|
|
|a MARS
|
| 999 |
f |
f |
|s 113dda96-6ed1-3303-bc00-1f5d5ab8d02c
|i 9cb39812-edb4-39c8-876e-07844a1e341a
|t 0
|
| 952 |
f |
f |
|p ric
|a Texas A&M University
|b Rellis Campus
|c Joint Library Facility
|d Remote Storage
|t 0
|e PZ3.S79616 Ap
|h Library of Congress classification
|i unmediated -- volume
|m A14804282960
|
| 998 |
f |
f |
|a PZ3.S79616 Ap
|t 0
|l Remote Storage
|